Netherlands Players Biggest Transfers - Statistics

General Stats
  • This quiz has been taken 128 times
  • The average score is 124 of 250
Answer Stats
Players From Joined % Correct
CM Frenkie de Jong 19/20 Ajax Barcelona
99%
ST Luuk de Jong 19/20 PSV Sevilla
99%
ST Luuk de Jong 12/13 Twente Borussia Monchengladbach
99%
ST Luuk de Jong 14/15 Borussia Monchengladbach PSV
99%
CB Virgil van Dijk 17/18 Southampton Liverpool
99%
CB Virgil van Dijk 15/16 Celtic Southampton
99%
CB Matthhijs de Ligt 19/20 Ajax Juventus
98%
CB Matthhijs de Ligt 22/23 Juventus Bayern Munich
98%
DM Nigel de Jong 08/09 Hamburg Manchester City
98%
AM Siem de Jong 14/15 Ajax Newcastle United
98%
RW Arjen Robben 07/08 Chelsea Real Madrid
95%
RW Arjen Robben 09/10 Real Madrid Bayern Munich
95%
RW Arjen Robben 04/05 PSV Chelsea
95%
RW Arjen Robben 02/03 Groningen PSV
95%
CB Nathan Ake 20/21 Bournemouth Manchester City
93%
CB Nathan Ake 17/18 Chelsea Bournemouth
93%
ST Cody Gakpo 22/23 PSV Liverpool
92%
ST Robin van Persie 12/13 Arsenal Manchester United
92%
ST Robin van Persie 15/16 Manchester United Fenerbache
92%
ST Robin van Persie 04/05 Feyenoord Arsenal
92%
CM Georginio Wijnaldum 16/17 Newcastle United Liverpool
91%
CM Georginio Wijnaldum 15/16 PSV Newcastle United
91%
CM Georginio Wijnaldum 23/24 Paris Saint-Germain Al-Ettifaq
91%
CM Georginio Wijnaldum 11/12 Feyenoord PSV
91%
ST Ruud van Nistelrooy 01/02 PSV Manchester United
89%
ST Ruud van Nistelrooy 06/07 Manchester United Real Madrid
89%
ST Ruud van Nistelrooy 98/99 Heerenveen PSV
89%
CM Donny van de Beek 20/21 Ajax Manchester United
87%
CM Ryan Gravenberch 23/24 Bayern Munich Liverpool
87%
CM Ryan Gravenberch 22/23 Ajax Bayern Munich
87%
AM Wesley Sneijder 07/08 Ajax Real Madrid
87%
AM Wesley Sneijder 09/10 Real Madrid Inter Milan
87%
AM Wesley Sneijder 12/13 Inter Milan Galatasaray
87%
GK Jasper Cillessen 19/20 Barcelona Valencia
86%
GK Jasper Cillessen 16/17 Ajax Barcelona
86%
ST Memphis Depay 15/16 PSV Manchester United
86%
ST Memphis Depay 16/17 Manchester United Lyon
86%
RW Donyell Malen 21/22 PSV Borussia Dortmund
85%
CB Jurrien Timber 23/24 Ajax Arsenal
85%
CM Quinten Timber 22/23 Utrecht Feyenoord
85%
ST Klaas-Jan Huntelaar 08/09 Ajax Real Madrid
80%
ST Klaas-Jan Huntelaar 09/10 Real Madrid Milan
80%
ST Klaas-Jan Huntelaar 10/11 Milan Schalke
80%
ST Klaas-Jan Huntelaar 05/06 Heerenveen Ajax
80%
LW Justin Kluivert 18/19 Ajax Roma
79%
LW Justin Kluivert 23/24 Roma Bournemouth
79%
CB Micky van de Ven 23/24 Wolfsburg Tottenham Hotspur
79%
CB Micky van de Ven 21/22 Volendam Wolfsburg
79%
ST Patrick Kluivert 98/99 Milan Barcelona
79%
CM Clarence Seedorf 99/00 Real Madrid Inter Milan
77%
CM Clarence Seedorf 02/03 Inter Milan Milan
77%
CM Clarence Seedorf 96/97 Sampdoria Real Madrid
77%
LB Daley Blind 14/15 Ajax Manchester United
77%
LB Daley Blind 18/19 Manchester United Ajax
77%
GK Edwin van der Sar 01/02 Juventus Fulham
77%
GK Edwin van der Sar 99/00 Ajax Juventus
77%
LW Steven Bergwijn 22/23 Tottenham Hotspur Ajax
77%
LW Steven Bergwijn 19/20 PSV Tottenham Hotspur
77%
CB Sven Botman 22/23 Lille Newcastle United
75%
CB Sven Botman 20/21 Ajax Lille
75%
ST Wout Weghorst 21/22 Wolfsburg Burnley
74%
ST Wout Weghorst 18/19 AZ Alkmaar Wolfsburg
74%
AM Rafael van der Vaart 08/09 Hamburg Real Madrid
72%
AM Rafael van der Vaart 12/13 Tottenham Hotspur Hamburg
72%
AM Rafael van der Vaart 10/11 Real Madrid Tottenham Hotspur
72%
AM Rafael van der Vaart 05/06 Ajax Hamburg
72%
RW Dirk Kuyt 06/07 Feyenoord Liverpool
71%
CM Davy Klaassen 17/18 Ajax Everton
68%
CM Davy Klaassen 18/19 Everton Werder Bremen
68%
CM Davy Klaassen 20/21 Werder Bremen Ajax
68%
CM Kevin Strootman 18/19 Roma Marseille
68%
CM Kevin Strootman 13/14 PSV Roma
68%
CM Kevin Strootman 11/12 Utrecht PSV
68%
CB Jaap Stam 01/02 Manchester United Lazio
67%
CB Jaap Stam 98/99 PSV Manchester United
67%
CB Jaap Stam 04/05 Lazio Milan
67%
LW Marc Overmars 00/01 Arsenal Barcelona
67%
LW Marc Overmars 97/98 Ajax Arsenal
67%
DM Marten de Roon 17/18 Middlesbrough Atalanta
66%
DM Marten de Roon 16/17 Atalanta Middlesbrough
66%
ST Roy Makaay 03/04 Deportivo La Coruna Bayern Munich
64%
ST Roy Makaay 99/00 Tenerife Deportivo La Coruna
64%
ST Roy Makaay 97/98 Vitesse Tenerife
64%
ST Roy Makaay 07/08 Bayern Munich Feyenoord
64%
LB Tyrell Malacia 22/23 Feyenoord Manchester United
63%
LW Arnaut Danjuma 21/22 Bournemouth Villarreal
62%
LW Arnaut Danjuma 19/20 Club Brugge Bournemouth
62%
ST Vincent Janssen 16/17 AZ Alkmaar Tottenham Hotspur
62%
ST Vincent Janssen 19/20 Tottenham Hotspur Monterrey
62%
ST Vincent Janssen 22/23 Monterrey Royal Antwerp
62%
SS Dennis Bergkamp 95/96 Inter Milan Arsenal
61%
SS Dennis Bergkamp 93/94 Ajax Inter Milan
61%
DM Teun Koopmeiners 21/22 AZ Alkmaar Atalanta
61%
RM Denzel Dumfries 21/22 PSV Inter Milan
60%
RM Denzel Dumfries 18/19 Heerenveen PSV
60%
LB Giovanni van Bronckhorst 01/02 Rangers Arsenal
60%
LB Giovanni van Bronckhorst 98/99 Feyenoord Rangers
60%
LW Ryan Babel 07/08 Ajax Liverpool
60%
LW Ryan Babel 10/11 Liverpool Hoffenheim
60%
CB Stefan de Vrij 14/15 Feyenoord Lazio
59%
CB Frank de Boer 98/99 Ajax Barcelona
58%
DM Mark van Bommel 06/07 Barcelona Bayern Munich
58%
RW Ronald de Boer 98/99 Ajax Barcelona
58%
RW Ronald de Boer 00/01 Barcelona Rangers
58%
GK Mark Flekken 23/24 Freiburg Brentford
57%
LW Quincy Promes 18/19 Spartak Moscow Sevilla
57%
LW Quincy Promes 19/20 Sevilla Ajax
57%
LW Quincy Promes 14/15 Twente Spartak Moscow
57%
LW Quincy Promes 20/21 Ajax Spartak Moscow
57%
CB Ronald Koeman 89/90 PSV Barcelona
57%
CM Tijjani Reijnders 23/24 AZ Alkmaar Milan
55%
CM Edgard Davids 97/98 Milan Juventus
54%
RB Jeremie Frimpong 20/21 Celtic Bayer Leverkusen
54%
GK Maarten Stekelenburg 11/12 Ajax Roma
54%
GK Maarten Stekelenburg 13/14 Roma Fulham
54%
ST Bas Dost 16/17 Wolfsburg Sporting CP
52%
ST Bas Dost 19/20 Sporting CP Eintracht Frankfurt
52%
ST Bas Dost 12/13 Heerenveen Wolfsburg
52%
GK Bart Verbruggen 23/24 Anderlecht Brighton & Hove Albion
51%
RB Rick Karsdorp 17/18 Feyenoord Roma
51%
ST Joshua Zirkzee 22/23 Bayern Munich Bologna
50%
AM Ruud Gullit 87/88 PSV Milan
50%
RW Xavi Simons 23/24 PSV Paris Saint-Germain
50%
ST Jimmy Floyd Hasselbaink 00/01 Atletico Madrid Chelsea
48%
ST Jimmy Floyd Hasselbaink 99/00 Leeds United Atletico Madrid
48%
LB Mitchel Bakker 23/24 Bayer Leverkusen Atalanta
48%
LB Mitchel Bakker 21/22 Paris Saint-Germain Bayer Leverkusen
48%
LW Royston Drenthe 07/08 Feyenoord Real Madrid
48%
LW Eljero Elia 11/12 Hamburg Juventus
46%
LW Eljero Elia 09/10 Twente Hamburg
46%
LW Eljero Elia 12/13 Juventus Werder Bremen
46%
CB Johnny Heitinga 08/09 Ajax Atletico Madrid
46%
CB Johnny Heitinga 09/10 Atletico Madrid Everton
46%
ST Brian Brobbey 22/23 RB Leipzig Ajax
45%
LW Noa Lang 23/24 Club Brugge PSV
45%
LW Noa Lang 21/22 Ajax Club Brugge
45%
AM Steven Berghuis 17/18 Watford Feyenoord
45%
AM Steven Berghuis 15/16 AZ Alkmaar Watford
45%
AM Steven Berghuis 21/22 Feyenoord Ajax
45%
RB Gregory van der Wiel 12/13 Ajax Paris Saint-Germain
42%
CB Jeffrey Bruma 16/17 PSV Wolfsburg
41%
LB Patrick van Aanholt 16/17 Sunderland Crystal Palace
39%
CB Khalid Boulahrouz 06/07 Hamburg Chelsea
38%
CB Khalid Boulahrouz 08/09 Chelsea Stuttgart
38%
ST Myron Boadu 21/22 AZ Alkmaar Monaco
37%
CB Bruno Martins Indi 17/18 Porto Stoke City
36%
CB Bruno Martins Indi 14/15 Feyenoord Porto
36%
DM Jordy Clasie 15/16 Feyenoord Southampton
36%
GK Michel Vorm 14/15 Swansea City Tottenham Hotspur
36%
LB Owen Wijndal 22/23 AZ Alkmaar Ajax
36%
CB Jeremiah St. Juste 22/23 Mainz Sporting CP
35%
CB Jeremiah St. Juste 19/20 Feyenoord Mainz
35%
CB Jeremiah St. Juste 17/18 Heerenveen Feyenoord
35%
CM Marco van Ginkel 13/14 Vitesse Chelsea
35%
CB Perr Schuurs 22/23 Ajax Torino
35%
DM Leroy Fer 14/15 Norwich City Queens Park Rangers
34%
DM Leroy Fer 16/17 Queens Park Rangers Swansea City
34%
DM Leroy Fer 13/14 Twente Norwich City
34%
DM Leroy Fer 11/12 Feyenoord Twente
34%
LW Ola John 12/13 Twente Benfica
34%
LW Boudewijn Zenden 01/02 Barcelona Chelsea
33%
LW Boudewijn Zenden 98/99 PSV Barcelona
33%
AM Calvin Stengs 21/22 AZ Alkmaar Nice
33%
AM Calvin Stengs 23/24 Nice Feyenoord
33%
DM Jairo Riedewald 17/18 Ajax Crystal Palace
33%
CB Joris Mathijsen 06/07 AZ Alkmaar Hamburg
33%
RW Jeremain Lens 15/16 Dynamo Kyiv Sunderland
32%
RW Jeremain Lens 13/14 PSV Dynamo Kyiv
32%
RW Jeremain Lens 18/19 Sunderland Besiktas
32%
DM Jonathan de Guzman 11/12 Mallorca Villarreal
32%
DM Jonathan de Guzman 14/15 Villarreal Napoli
32%
CB Terence Kongolo 18/19 Monaco Huddersfield Town
30%
CB Terence Kongolo 17/18 Feyenoord Monaco
30%
CB Terence Kongolo 20/21 Huddersfield Town Fulham
30%
RW Anwar El Ghazi 19/20 Lille Aston Villa
29%
RW Anwar El Ghazi 16/17 Ajax Lille
29%
LB Daley Sinkgraven 14/15 Heerenveen Ajax
29%
LB Daley Sinkgraven 19/20 Ajax Bayer Leverkusen
29%
RB Daryl Janmaat 16/17 Newcastle United Watford
28%
RB Daryl Janmaat 14/15 Feyenoord Newcastle United
28%
CM Davy Propper 17/18 PSV Brighton & Hove Albion
28%
CM Davy Propper 15/16 Vitesse PSV
28%
ST Jan Vennegoor of Hesselink 01/02 Twente PSV
28%
ST Jan Vennegoor of Hesselink 06/07 PSV Celtic
28%
DM Jerdy Schouten 23/24 Bologna PSV
28%
RB Michael Reiziger 97/98 Milan Barcelona
28%
LB Alexander Buttner 14/15 Manchester United Dynamo Moscow
27%
LB Alexander Buttner 12/13 Vitesse Manchester United
27%
DM Gustavo Hamer 23/24 Coventry City Sheffield United
27%
DM Gustavo Hamer 20/21 PEC Zwolle Coventry City
27%
ST Ricky van Wolfswinkel 13/14 Sporting CP Norwich City
27%
ST Ricky van Wolfswinkel 11/12 Utrecht Sporting CP
27%
CM Tonny Vilhena 19/20 Feyenoord Krasnodar
27%
AM Guus Til 19/20 AZ Alkmaar Spartak Moscow
26%
ST Pierre van Hooijdonk 00/01 Vitesse Benfica
26%
ST Pierre van Hooijdonk 96/97 Celtic Nottingham Forest
26%
ST Pierre van Hooijdonk 99/00 Nottingham Forest Vitesse
26%
AM Tahith Chong 23/24 Birmingham City Luton Town
26%
CB Wesley Hoedt 17/18 Lazio Southampton
26%
RW Andy van der Meyde 05/06 Inter Milan Everton
25%
RW Andy van der Meyde 03/04 Ajax Inter Milan
25%
CM Joey Veerman 21/22 Heerenveen PSV
25%
DM Riechedly Bazoer 16/17 Ajax Wolfsburg
25%
ST Joel Piroe 23/24 Swansea City Leeds United
24%
RB Ki-Jana Hoever 20/21 Liverpool Wolverhampton Wanderers
24%
LB Jetro Willems 17/18 PSV Eintracht Frankfurt
23%
CB Sam Beukema 23/24 AZ Alkmaar Bologna
21%
GK Marco Bizot 21/22 AZ Alkmaar Brest
20%
ST Sam Lammers 20/21 PSV Atalanta
20%
CM Demy de Zeeuw 09/10 AZ Alkmaar Ajax
18%
CM Demy de Zeeuw 11/12 Ajax Spartak Moscow
18%
RW Gyrano Kerk 21/22 Utrecht Lokomotiv Moscow
18%
CB Karim Rekik 15/16 Manchester City Marseille
18%
LB Wilfred Bouma 05/06 PSV Aston Villa
17%
RW Javairo Dilrosun 22/23 Hertha Berlin Feyenoord
16%
ST Emanuel Emegha 23/24 Sturm Graz Strasbourg
15%
RB Milan van Ewijk 23/24 Heerenveen Coventry City
14%
GK Sander Westerveld 99/00 Vitesse Liverpool
14%
GK Sander Westerveld 01/02 Liverpool Real Sociedad
14%
RB Fernando Ricksen 00/01 AZ Alkmaar Rangers
13%
CM Jurgen Ekkelenkamp 22/23 Hertha Berlin Royal Antwerp
13%
LB Arthur Numan 98/99 PSV Rangers
12%
ST Luc Castaignos 12/13 Inter Milan Twente
12%
AM Luciano Narsingh 16/17 PSV Swansea City
12%
AM Luciano Narsingh 12/13 Heerenveen PSV
12%
DM Pablo Rosario 21/22 PSV Nice
12%
DM Wouter Burger 23/24 Basel Stoke City
12%
CM Denny Landzaat 06/07 AZ Alkmaar Wigan Athletic
11%
DM George Boateng 02/03 Aston Villa Middlesbrough
11%
DM George Boateng 99/00 Coventry City Aston Villa
11%
CM Adam Maher 13/14 AZ Alkmaar PSV
10%
LB Bjorn Meijer 22/23 Groningen Club Brugge
10%
CB Kik Pierie 19/20 Heerenveen Ajax
10%
GK Kjell Scherpen 21/22 Ajax Brighton & Hove Albion
10%
DM Wim Jonk 93/94 Ajax Inter Milan
10%
RB Jan Kromkamp 05/06 AZ Alkmaar Villarreal
9%
ST Michael Mols 99/00 Utrecht Rangers
9%
AM Michel Vlap 19/20 Heerenveen Anderlecht
9%
AM Bart Ramselaar 16/17 Utrecht PSV
8%
CB Bert Konterman 00/01 Feyenoord Rangers
8%
LB Jayden Oosterwolde 22/23 Parma Fenerbache
8%
DM Orlando Engelaar 08/09 Twente Schalke
8%
CB Frank Verlaat 99/00 Stuttgart Ajax
7%
LW Peter van Vossen 93/94 Anderlecht Ajax
7%
RB Michael Lamey 02/03 Waalwijk PSV
4%
ST Danny Koevermans 07/08 AZ Alkmaar PSV
3%
CB Derrick Luckassen 17/18 AZ Alkmaar PSV
3%
RB Ferdi Vierklau 97/98 Vitesse Tenerife
3%
RW Victor Sikora 02/03 Vitesse Ajax
3%
AM Nacer Barazite 11/12 Austria Vienna Monaco
2%
No matching quizzes found
Score Distribution
Percent of People with Each Score
Percentile by Number Answered
Your Score History
You have not taken this quiz